000 01203nam a2200325Ia 4500
005 20220317001742.0
008 170328s2000 s a g 000 j s
020 _a8480634189
041 _aspa
100 1 _aPuig, Irene de
245 1 0 _aJugar a pensar con cuentos
_cIrene de Puig y Angélica Sátiro ; ilustraciones de Regina Miranda
250 _a1a. edición
300 _a60 páginas
_bilustraciones a color
_c22 cm
500 _aEste libro forma parte del Proyecto Noria y se complementa con la guía educativa (Jugar a pensar con niños y niñas de 4 a 5)
521 _aRecomendado desde los 3 años
650 1 4 _2LEMB
_aCuento infantil español
650 1 4 _2LEMB
_aLiteratura infantil española
650 1 4 _2LEMB
_aCognición en la literatura
650 1 4 _2LEMB
_aPsicología en la literatura
650 1 4 _2LEMB
_aViajes en la literatura
700 1 _aSátiro, Angélica
_98101
700 1 _aMiranda, Regina
_eilustradora
_990082
942 _2loc
_cBKINF
264 _aBarcelona
_bOctaedro
_c2000
336 _atexto
_btxt
_2rdacontent
337 _asin mediación
_bn
_2rdamedia
338 _avolumen
_bnc
_2rdacarrier
040 _aCO-BoRNBP
_bspa
_erda
_cCO-BoRNBP
084 _aC PUI2
999 _c7974
_d7974